000 00837cam a22002777a 4500
999 _c534843
_d534843
001 14993570
003 NUST
005 20200716105428.0
008 070905s2007 pk 000 0 urd
010 _a 2007432537
025 _aP-U-2007432537; 10; 11
038 _aArshad
040 _aDLC
_cDLC
042 _alcode
050 0 0 _aMLCSA 2007/01573 (P)
082 _a910.549143
_bQAS
100 1 _aQāsmī, ʻAt̤āʻulḥaq.
_91461
245 1 0 _aG̲h̲air mulkī sayyāḥ kā safarnāmah-yi Lāhaur /
_cʻAt̤āʻulḥaq Qāsmī.
260 _aLāhaur :
_bNastʻalīq Mat̤būʻāt,
_c2007.
300 _a128 p. ;
_c22 cm.
500 _aWit and humor.
546 _aIn Urdu.
906 _a7
_bcbc
_corigode
_d4
_encip
_f20
_gy-gencatlg
942 _2ddc
_cBK